[Event "12° WEEK END "]
[Site "SAN SEVERINO MARCHE ITA"]
[Date "2010.09.05"]
[Round "5"]
[White "FAINI, Marco"]
[Black "GRAZIANI, Claudio"]
[Result "0-1"]
[WhiteElo "1959"]
[BlackElo "2000"]
[PlyCount "50"]
[EventDate "2010.09.03"]

1. c4 e5 2. Nc3 Nf6 3. g3 c6 4. Bg2 d5 5. cxd5 cxd5 6. e3 Nc6 7. Nge2 Be7 8. d4
e4 9. a3 O-O 10. b4 Bg4 11. Qb3 Qd7 12. h4 Rfd8 13. Bd2 Qf5 14. Nf4 h6 15. Rc1
Rac8 16. Na4 Bf3 17. Bxf3 exf3 18. Nc5 b6 19. Ncd3 Qe4 20. Kd1 g5 21. hxg5 hxg5
22. Nh3 Nxd4 23. Nxg5 Nxb3 24. Nxe4 Rxc1+ 25. Bxc1 dxe4 0-1

[Event "12° WEEK END "]
[Site "SAN SEVERINO MARCHE ITA"]
[Date "2010.09.05"]
[Round "5"]
[White "CARDONA, Alberto"]
[Black "SPADA, Angelo"]
[Result "0-1"]
[WhiteElo "1805"]
[BlackElo "2046"]
[PlyCount "72"]
[EventDate "2010.09.03"]

1. c4 f5 2. Nc3 Nf6 3. d3 g6 4. g3 Bg7 5. Bg2 O-O 6. Nf3 d6 7. O-O c6 8. Bg5
Na6 9. Qc1 e5 10. e4 Qe8 11. Bh6 Nc5 12. Ne1 Bxh6 13. Qxh6 Ng4 14. Qd2 Ne6 15.
exf5 gxf5 16. Nf3 Qh5 17. h3 Nh6 18. Ne2 Nf7 19. d4 Neg5 20. Nxg5 Nxg5 21. h4
Nf7 22. dxe5 dxe5 23. f4 Rd8 24. Qe1 e4 25. Kh2 Be6 26. b3 Nh6 27. Ng1 Rd3 28.
Nf3 Re3 29. Qd1 exf3 30. Bxf3 Ng4+ 31. Kg1 Qe8 32. Qd4 Rd8 33. Qxa7 Rdd3 34.
Bxg4 Rxg3+ 35. Kh2 fxg4 36. Rae1 Qd8 0-1

[Event "12° WEEK END "]
[Site "SAN SEVERINO MARCHE ITA"]
[Date "2010.09.05"]
[Round "5"]
[White "MAZZARINI, Daniele"]
[Black "LUZI, Alessandro"]
[Result "1/2-1/2"]
[WhiteElo "1811"]
[BlackElo "1909"]
[PlyCount "44"]
[EventDate "2010.09.03"]

1. d4 Nf6 2. c4 g6 3. Nc3 Bg7 4. g3 O-O 5. Bg2 d6 6. Nf3 Nbd7 7. O-O c5 8. Rb1
Rb8 9. e4 cxd4 10. Nxd4 Ne5 11. b3 Bd7 12. Nd5 Nc6 13. Nb5 a6 14. Nbc3 Nxd5 15.
Nxd5 f5 16. Bb2 fxe4 17. Bxg7 Kxg7 18. Bxe4 Bf5 19. Bxf5 Rxf5 20. f4 e6 21. Nc3
Qb6+ 22. Kg2 Nd4 1/2-1/2

[Event "12° WEEK END "]
[Site "SAN SEVERINO MARCHE ITA"]
[Date "2010.09.05"]
[Round "5"]
[White "RENZETTI, Leonardo"]
[Black "FAINI, Ivano"]
[Result "1-0"]
[WhiteElo "1443"]
[BlackElo "1666"]
[PlyCount "111"]
[EventDate "2010.09.03"]

1. d4 e5 2. dxe5 Nc6 3. Nf3 Qe7 4. Nc3 Nxe5 5. Nxe5 Qxe5 6. Qd5 Qxd5 7. Nxd5
Bd6 8. Bd2 Ne7 9. Nxe7 Bxe7 10. Bc3 f6 11. O-O-O c6 12. e3 d5 13. Bd3 O-O 14.
Rhe1 c5 15. b3 Bd7 16. e4 d4 17. Bb2 Bd6 18. Bc4+ Kh8 19. c3 Bf4+ 20. Kc2 b5
21. Bd5 Rac8 22. Kd3 dxc3 23. Kxc3 Be5+ 24. Kc2 Rc7 25. Bxe5 fxe5 26. f3 h6 27.
Rd2 Rf6 28. Red1 Rf8 29. Bb7 Rf7 30. Ba6 Re7 31. Kc3 Kg8 32. Rd6 Kh7 33. R1d5
b4+ 34. Kb2 h5 35. Bc4 h4 36. h3 Be8 37. Ra6 Bf7 38. Rdd6 Bxc4 39. bxc4 Kg8 40.
Rac6 Kf7 41. Rxc7 Rxc7 42. Rd5 Ke6 43. Kb3 Kf6 44. Ka4 Ke6 45. Kb5 Rb7+ 46.
Kxc5 Kf6 47. Rd6+ Kg5 48. Kd5 Kf4 49. c5 b3 50. axb3 Rxb3 51. c6 Rd3+ 52. Ke6
Rc3 53. Kd7 Kg3 54. Rg6+ Kf4 55. c7 a5 56. Rc6 1-0

[Event "12° WEEK END "]
[Site "SAN SEVERINO MARCHE ITA"]
[Date "2010.09.05"]
[Round "5"]
[White "GUGLIELMI, Dante"]
[Black "OKINCZYC, Alessandro"]
[Result "1-0"]
[WhiteElo "1912"]
[BlackElo "1713"]
[PlyCount "90"]
[EventDate "2010.09.03"]

1. c4 Nf6 2. Nc3 g6 3. g3 Bg7 4. Bg2 d6 5. e3 e5 6. Nge2 c6 7. O-O O-O 8. b3
Re8 9. Qc2 e4 10. d3 Bf5 11. Nd4 exd3 12. Qd2 Ne4 13. Nxe4 Bxe4 14. Bxe4 Rxe4
15. Qxd3 Qe8 16. Rb1 Na6 17. b4 Rd8 18. Ne2 d5 19. cxd5 Rxd5 20. Qa3 Rc4 21.
Bb2 Bxb2 22. Rxb2 Qe7 23. Rfb1 Rb5 24. Nd4 Rb6 25. Nc2 Qe4 26. Qa4 c5 27. a3
Rd6 28. Ne1 cxb4 29. axb4 Qd5 30. Qa5 b5 31. Nc2 Qb7 32. Na3 Nc7 33. Nxc4 Ra6
34. Qxa6 Qxa6 35. Ne5 Qe6 36. Nf3 Nd5 37. Nd4 Qd7 38. Rc1 Nb6 39. Rc5 Nc4 40.
Ra2 Nd6 41. Ra5 Qg4 42. Rxa7 Qd1+ 43. Kg2 Qd2 44. Rcc7 Ne4 45. Rxf7 Qxf2+ 1-0

[Event "12° WEEK END "]
[Site "SAN SEVERINO MARCHE ITA"]
[Date "2010.09.05"]
[Round "5"]
[White "BRIFFAULT, Philippe"]
[Black "DEMEIO, Lorenzo"]
[Result "1-0"]
[WhiteElo "1967"]
[BlackElo "1407"]
[PlyCount "69"]
[EventDate "2010.09.03"]

1. d4 d5 2. c4 e6 3. Nc3 Nf6 4. Bg5 Be7 5. Nf3 c6 6. e3 O-O 7. Bd3 Nfd7 8. Bxe7
Qxe7 9. O-O Nf6 10. Re1 Nbd7 11. Rc1 b6 12. e4 dxe4 13. Nxe4 Nxe4 14. Bxe4 Bb7
15. Qa4 Qd6 16. a3 Nf6 17. Bb1 b5 18. Qb3 Rfe8 19. Rcd1 Qc7 20. Qc2 g6 21. cxb5
Qb8 22. bxc6 Ba6 23. Ne5 Rc8 24. Qd2 Bb5 25. Rc1 Qb6 26. Qf4 Qd8 27. Be4 Rc7
28. Red1 Rac8 29. Bf3 Qe7 30. Rc5 Ba4 31. Rdc1 Ne8 32. d5 exd5 33. Bxd5 Nf6 34.
Bxf7+ Kg7 35. Qxa4 1-0